2000年以降のベイスターズ内最多勝投手 - Statistics

General Stats
  • This quiz has been taken 489 times
  • The average score is 15 of 27
Answer Stats
年度 シーズン成績 Answer % Correct
2000 24登板 11勝 6敗 防御率3.22 投球回164.2 三浦大輔
94%
2005 28登板 12勝 9敗 防御率2.52 投球回214.2 三浦大輔
94%
2008 21登板 7勝 10敗 防御率3.56 投球回144.0 三浦大輔
94%
2009 28登板 11勝 11敗 防御率3.32 投球回195.1 三浦大輔
94%
2011 18登板 5勝 6敗 防御率2.91 投球回111.1 三浦大輔
94%
2012 25登板 9勝 9敗 防御率2.86 投球回182.2 三浦大輔
94%
2013 27登板 9勝 13敗 防御率3.94 投球回175.2 三浦大輔
94%
2017 24登板 11勝 7敗 防御率2.98 投球回148.0 今永昇太
91%
2019 25登板 13勝 7敗 防御率2.91 投球回170.0 今永昇太
91%
2022 21登板 11勝 4敗 防御率2.26 投球回143.2 今永昇太
91%
2018 24登板 11勝 5敗 防御率2.45 投球回154.0 東克樹
87%
2011 29登板 5勝 15敗 防御率3.45 投球回177.1 高崎健太郎
56%
2020 19登板 10勝 6敗 防御率2.53 投球回113.2 大貫晋一
56%
2021 22登板 6勝 7敗 防御率4.34 投球回112.0 大貫晋一
56%
2022 24登板 11勝 8敗 防御率2.77 投球回136.2 大貫晋一
56%
2016 19登板 11勝 5敗 防御率2.86 投球回138.2 山口俊
39%
2014 28登板 12勝 6敗 防御率3.33 投球回178.1 久保康友
31%
2015 21登板 8勝 7敗 防御率4.12 投球回122.1 久保康友
31%
2002 27登板 11勝 8敗 防御率3.64 投球回188.0 吉見祐治
27%
2004 22登板 7勝 5敗 防御率5.26 投球回106.0 吉見祐治
27%
2006 28登板 10勝 9敗 防御率4.84 投球回154.1 門倉健
27%
2010 26登板 10勝 11敗 防御率5.40 投球回155.0 清水直行
25%
2007 27登板 12勝 12敗 防御率3.36 投球回184.2 寺原隼人
21%
2001 24登板 12勝 9敗 防御率3.03 投球回148.2 小宮山悟
12%
2003 25登板 8勝 12敗 防御率4.69 投球回153.2 ドミンゴ
11%
2004 20登板 7勝 4敗 防御率3.54 投球回104.1 セドリック
6%
2004 28登板 7勝 10敗 防御率4.71 投球回151.0 マレン
4%
No matching quizzes found
Score Distribution
Percent of People with Each Score
Percentile by Number Answered
Your Score History
You have not taken this quiz